Velo 2nd Gear : Bicycle Culture and Style /

Salvato in:
Dettagli Bibliografici
Altri autori: Ehmann, Sven (Redattore), Klanten, Robert (Redattore)
Natura: Libro
Lingua:inglese
Pubblicazione: Berlin : Gestalten, 2013
Edizione:1. vydanie
Soggetti:
Tags: Aggiungi Tag
Nessun Tag, puoi essere il primo ad aggiungerne!!

MARC

LEADER 00000nam a22000003a 4500
001 0071655
003 SK-STU
005 20190408135911.9
007 ta
008 190212s ----xo-----e------000-0-----d
020 |a 978-3-89955-473-1 
040 |a STU  |b slo 
041 0 |a eng 
044 |a gw 
100 1 |a Ehmann, Sven  |4 edt 
245 1 0 |a Velo 2nd Gear :  |b Bicycle Culture and Style /  |c ed. Sven Ehmann ; ed. Robert Klanten 
250 |a 1. vydanie 
260 |a Berlin :  |b Gestalten,  |c 2013 
300 |a 258 s. 
650 0 7 |a bicykel 
650 0 7 |a dizajn a materiál 
650 0 7 |a dizajnéri 
650 0 7 |a kultúra 
650 0 7 |a dizajn produktový 
650 0 7 |a dizajn dopravného prostriedku 
700 1 |a Klanten, Robert  |4 edt 
996 |b 284AU07849  |c A* 11108/U  |l AAKNAR  |s A  |a 24  |w 0071655_0001